000 01399nam a2200361 i 4500
001 019898322
003 EG-ScBUE
005 20230215031751.0
008 200818t2021 paua f b 001 0 eng d
020 _a9781975161675 (hbk.)
020 _a197516167X
040 _aStDuBDS
_beng
_erda
_cStDuBDS
_dEG-ScBUE
082 0 4 _a618.20231
_222
_bRIC
100 1 _aRicci, Susan Scott,
_eauthor.
245 1 0 _aEssentials of maternity, newborn, and women's health nursing /
_cSusan Ricci, APPN, MSN, MEd, CNE, Nursing Faculty, University of Central Florida, Orlando, Florida, former nursing program director and Faculty Lake Sumter State College, Leesburg, Florida.
250 _aFifth edition.
250 _aInternational edition.
264 1 _aPhiladelphia :
_bLippincott Williams & Wilkins,
_c[2021]
264 4 _cc2021
300 _axvi, 965 pages :
_billustrations (black and white, and color) ;
_c29 cm
336 _atext
_2rdacontent
_btxt
336 _astill image
_2rdacontent
_btxt
337 _aunmediated
_2rdamedia
_bn
338 _avolume
_2rdacarrier
_bnc
500 _aPrevious edition: Philadelphia: Wolters Kluwer, 2017.
504 _aIncludes bibliographical references and index.
650 7 _aMaternity nursing.
_2BUEsh
650 7 _aGynecologic nursing.
_2BUEsh
653 _bNNUR
_cFebruary2023
655 _vReading book
942 _2ddc
_cBB
999 _c30146
_d30117